000 00631nam a2200193 a 4500
005 20231118063630.0
008 991125s1946 mx 000 0 spa u
035 _aUPN01000040859
049 _aLT
050 4 _aLB1585 M6.5
_bJ3.5
100 1 _aJáuregui, R.
_929269
245 1 0 _aNaturaleza y ciencias :
_blibro 5o. escrito para el sexto año de las escuelas primarias /
_cpor R. Jauregui.
260 _aMéxico :
_bPatria,
_c1946.
300 _a355 p.
440 0 _aPatria
650 4 _aCiencia
_xEstudio y enseñanza (Elemental)
_97402
650 4 _aCiencias naturales
_xEstudio y enseñanza (Elemental)
_92812
905 _aLibro
999 _c40859
_d40859